000 00271nam a22001217a 4500
008 181106b xxu||||| |||| 00| 0 eng d
041 _aeng
080 _a610.73
100 _a2
101 _aINF
245 _aFirst Aid Textbook
_cDoubleday & Company
942 _2udc
_cBK
999 _c51936
_d51936